Statistiques concernant Célèbres entreprises françaises (A-Z)

Cliquez ici pour prendre le quiz!

Statistiques générales

  • Ce quiz a été pris 277 fois
  • Le résultat moyen est 15 sur 22

Statistiques - réponses

LettreSecteurEntreprise% Correct
PAutomobilePeugeot
94%
RAutomobileRenault
94%
EEnergieEngie
93%
CDistributionCarrefour
88%
MPneumatiqueMichelin
88%
OTélécommunicationsOrange
87%
BBanqueBNP Paribas
86%
AAssuranceAxa
83%
TPétroleTotal
82%
NRadioNRJ
79%
UJeux vidéoUbisoft
68%
HLuxeHermès
66%
JJus de fruitxJoker
66%
DAgroalimentaireDanone
64%
FTélécommunicationsFree
62%
LCosmétiqueL'Oréal
62%
VBTPVinci
50%
SPharmacieSanofi
49%
YLuxeYves Saint-Laurent
49%
IDistributionIntermarché
36%
GLuxeGivenchy
17%
KLuxeKering
15%

Distribution des résultats

Percentile par nombre de réponses

% des personnes avec chaque résultat

Votre développement - résultats

Vous n’avez pas pris ce quiz